Dimensions of social justice (Record no. 345014)

000 -LEADER
fixed length control field 00307cam a22001217a 4500
008 - FIXED-LENGTH DATA ELEMENTS--GENERAL INFORMATION
fixed length control field 180718b1983 xxu||||| |||| 00| 0 eng d
082 ## - DEWEY DECIMAL CLASSIFICATION NUMBER
Classification number B2 G231
100 ## - MAIN ENTRY--PERSONAL NAME
Personal name Gauba, O.P.
245 ## - TITLE STATEMENT
Title Dimensions of social justice
Statement of responsibility, etc. by O.P. Gauba
260 ## - PUBLICATION, DISTRIBUTION, ETC.
Place of publication, distribution, etc. Delhi
Name of publisher, distributor, etc. National
Date of publication, distribution, etc. 1983
300 ## - PHYSICAL DESCRIPTION
Extent 149p.
650 ## - SUBJECT ADDED ENTRY--TOPICAL TERM
Topical term or geographic name entry element Equality.
Holdings
Withdrawn status Lost status Damaged status Not for loan Permanent Location Current Location Date acquired Full call number Barcode Date last seen Price effective from Koha item type
        Indian Institute of Public Administration Indian Institute of Public Administration 1993-10-06 B2 G231 59890 2018-07-21 2018-07-21 Book

Powered by Koha